ចំណាកស្រុករបស់ យុវជន និងនគរូបនីយកម្ម នៅប្រទេសកម្ពុជា (Record no. 25525)

000 -LEADER
fixed length control field 00571nam a22001217a 4500
040 ## - CATALOGING SOURCE
Transcribing agency RUA
082 ## - DEWEY DECIMAL CLASSIFICATION NUMBER
Classification number RUA CDR 2010 C160 Or.
100 ## - MAIN ENTRY--AUTHOR NAME
Personal name វិទ្យាស្ថានបណ្ដុះបណ្ដាល និងស្រាវជ្រាវដើម្បីអភិវឌ្ឍន៍កម្ពុជា(CDRI)
245 ## - TITLE STATEMENT
Title ចំណាកស្រុករបស់ យុវជន និងនគរូបនីយកម្ម នៅប្រទេសកម្ពុជា
260 ## - PUBLICATION, DISTRIBUTION, ETC. (IMPRINT)
Place of publication PHNOM PENH
Name of publisher RUA
Year of publication 2010
300 ## - PHYSICAL DESCRIPTION
Number of Pages 73p.
Other physical details ill.
Dimensions 29cm.
942 ## - ADDED ENTRY ELEMENTS (KOHA)
Koha item type ឯកសារស្រាវជ្រាវ
952 ## - LOCATION AND ITEM INFORMATION (KOHA)
Withdrawn status [LOCAL, KOHA] 0
Holdings
Permanent Location Date acquired Koha item type Lost status Shelving location Barcode Current Location Full call number
Library Block C2026-03-03ឯកសារស្រាវជ្រាវ C160C034329Library Block CRUA CDR 2010 C160 Or.
មជ្ឈមណ្ឌលឯការនៃសាកលវិទ្យាល័យភូមិន្ទកសិកម្មចំការដូង

Powered by Koha